Quizzes
Events
Quiz Creation
Community
Videos
Private Events
Remove Ads
Sign In
Join for FREE
Feedback
Dark Mode
Quiz Categories
Sports
Geography
Music
Movies
Television
Just For Fun
Miscellaneous
History
Literature
Language
Science
Gaming
Entertainment
Religion
Holiday
For Kids
Quiz Lab
Recent
Popular Today
Quiz Kudos Today
Editor Picks
Curator Picks
Quizzes by...
Day
Popularity
Type
Ratings
Length
Year
Community
Subscriptions
Recent Discussions
Orange Saloon
Badges
Playlists
Quests
Create
Leaderboards
Showdown
Live 5
Trivia Bingo
Activity
Puzzle Library
Sporcle Events
Private Events
Virtual Trivia
Globe League
Become a Host
Pub Owners
SporcleCon
Opinionation
Our Games
Videos
Blog
Mobile Apps
Partnerships
Remove Ads and Go Orange
Feedback
Language
Vocabulary
Begins and Ends
Definition
Spanish
French
German
Italian
Chinese
Latin
Translation
Japanese
Language
Vocabulary
Begins and Ends
Definition
Spanish
French
German
Italian
Chinese
Latin
Translation
Japanese
Random Quiz
Search Sporcle
×
Quiz Lab
Quiz Lab
Language
Portmanteau
Type in answers that appear in a list
Type in answers that appear in a list
Classic
Best Score? Go Orange.
Portmanteaus Stats
Can you name the Portmanteaus?
By
NPpilch
7m
30 Questions
544 Plays
544 Plays
544 Plays
Comments
Comments
Give Quiz Kudos
Give Quiz Kudos
-
- Ratings
hide this ad
Replay
Link that replays current quiz
Next Quiz
Link to next quiz in quiz playlist
You Got
0%
They Got
Avg Score
72%
Avg Friend Score
Upgrade to see
Score Distribution
Jump to the score distribution portion of the page
Score
0/30
Timer
07:00
0
Plays Today
Components
Portmanteau
% Correct
smoke + fog
Smog
94.9%
lion + tiger
Liger
93.6%
prim + sissy
Prissy
92.6%
camera + recorder
Camcorder
91.5%
information + commercial
Infomercial
89.3%
spoon + fork
Spork
89.2%
twist + whirl
Twirl
86.9%
emotion + icon
Emoticon
86.4%
flame + glare
Flare
86.2%
smack + mash
Smash
85.5%
gleam + shimmer
Glimmer
84.7%
guess + estimate
Guesstimate
83.3%
bold + rash
Brash
82.4%
skirt + short (pants)
Skort
81.3%
crazy + drunk
Crunk
79.8%
Components
Portmanteau
% Correct
laundry + automat
Laundromat
79.6%
glamour + ritz
Glitz
78.5%
jazz + exercise
Jazzercise
76.7%
information + entertainment
Infotainment
76.5%
situation + comedy
Sitcom
76.3%
microcomputer + software
Microsoft
68.2%
confused + puzzled
Confuzzled
68.2%
chuckle + snort
Chortle
63.6%
turkey + duck + chicken
Turducken
61.6%
dizzy + dotty
Ditzy
61%
marionette + puppet
Muppet
47.6%
modulator + demodulator
Modem
34%
picture + element
Pixel
33.8%
integrated + electronics
Intel
31.6%
Bombay + Hollywood
Bollywod
14%
Quiz Playlist
Details
Report
Send in Message
Add To Playlist
Classic:
Type in answers that appear in a list
Last Updated: Feb 16, 2017
Quiz Scoreboard
CHALLENGE
Sign Up to Join the Scoreboard
Show All
Scores
Hide
Comments
May contain spoilers
Recently Published
Presidents Visiting Landmarks
by Hejman
History
7m
An Introduction to Baseball
by treessimontrees
Sports
5m
Movies - When Are They Set?
by FPL_Elf
Movies
5m
More to Explore
Quiz From the Vault
Featured Blog Post
Where Did the Easter Bunny Come From?
hide this ad
You Might Also Like...
Tags
component
Portmanteau
Today's Top Quizzes in Language
Browse Language
hide this ad
Today's Top Quizzes in Portmanteau
Browse Portmanteau
Top Contributed Quizzes in Language
1
1-10 Letter F Words III
2
1-10 Letter G Words III
3
Order Up: Top 10 Most Native Spoken Languages
4
1-10 Letter H Words III
5
One Thing in Common: Italy
6
1-10 Letter I Words III
7
Weisst du, aus welchen Sprachen diese Wörter stammen?
8
1-10 Letter J Words III
9
Celtic Nations in their Language
10
1-10 Letter K Words III
Explore More
Trending Topics
Disney
Marvel
NBA
Harry Potter
Anime
Crossword
Kpop
WWE
NFL
The Office
Soccer
Puzzle
Country
Pokémon
Song
hide this ad
More By:
NPpilch
Quiz
Plays
Rating
Category
Featured
Created
Portmanteaus
544
1.62
Language
Oct 21, 2009
Go to Creator's Profile
Score Distribution
Quiz Creator Spotlight
NPpilch
Follow
Send a Message
Quizzes Created
-
Created Quiz Play Count
-
More By This Creator
Popular Quizzes Today
1
Find the US States - No Outlines Minefield
2
Find the Countries of Europe - No Outlines Minefield
3
The Countries of the World
4
Find the US States
5
Popular People in 1961
6
US States
7
Risky Map Clicking: Biggest States A-Z
8
Movies - When Are They Set?
More Language Quizzes
'We Don't Talk About Bruno' Around the World
Curator's Pick
Trending Quizzes
Risky Map Clicking: Least Populous States A-Z
1-10 Letter G Words
1-10 Letter F Words
Risky Map Clicking: Next State Alphabetically
Risky Map Clicking: Biggest States A-Z
Recently Updated
Leaping Animals
pecheneg
Reality TV Shows (A-Z)
bhenderson79
Rickey Henderson's Hall of Fame Teammates
pecheneg
Champions League XIs: Arsenal
pecheneg
Quick Pick: Celebrities in WWE's Hall of Fame
aduchscher
A-Z Keypad Blitz II
pecheneg
Multiple Oscar Actors
pecheneg
Mystery Phrase Blitz: Oscar 'Best Actors'
pecheneg
F. Scott Fitzgerald Novels
LTH
Pick 3 Villains
ddd62291
Trending Topics
Anime
Kpop
Crossword
Harry Potter
NBA
Marvel
Disney
WWE
The Office
Puzzle
Country
Pokémon
Soccer
NFL
Song
Your Account Isn't Verified!
In order to create a playlist on Sporcle, you need to verify the email address you used during registration. Go to your
Sporcle Settings
to finish the process.
Report this User
Report this user for behavior that violates our
Community Guidelines
.
Details:
Send Report
Go to the Sporcle.com Mobile Site →
Comments